[Event "Titled Tuesday intern op 13th Feb Late"]
[Site "Chess.com INT"]
[Date "2024.02.13"]
[Round "3"]
[White "Kuzubov, Yuriy"]
[Black "Maximov, Dmitry"]
[Result "1-0"]
[WhiteElo "2605"]
[BlackElo "2489"]
[PlyCount "173"]
[EventDate "2024.02.13"]
[EventType "swiss (blitz)"]
[EventRounds "11"]
[EventCountry "USA"]
[SourceTitle "CB08_2024"]
[SourceDate "2024.02.21"]
[SourceVersion "1"]
[SourceVersionDate "2024.02.21"]
[SourceQuality "1"]

1. d4 Nf6 2. Nf3 g6 3. Nbd2 d5 4. b4 a5 5. b5 Bg7 6. e3 0-0 7. c4 c5 8. Bb2 b6 9. dxc5 bxc5 10. cxd5 Nxd5 11. Bxg7 Kxg7 12. Qc2 Nd7 13. Be2 Bb7 14. 0-0 f6 15. Rfd1 Qc7 16. Rac1 Rfc8 17. Nc4 N7b6 18. Nfd2 Nb4 19. Qb1 Nxc4 20. Nxc4 Rd8 21. a3 Nd5 22. Bf3 a4 23. h3 Nb6 24. Nxb6 Qxb6 25. Rxd8 Rxd8 26. Bxb7 Qxb7 27. Rxc5 Rd6 28. Rc4 Rb6 29. Rb4 Qd5 30. Qb2 g5 31. Qd4 Rxb5 32. Qxd5 Rxd5 33. Rxa4 Rd1+ 34. Kh2 Ra1 35. g4 Kg6 36. Ra7 e5 37. Ra6 Ra2 38. Kg3 Ra1 39. a4 Ra3 40. h4 gxh4+ 41. Kxh4 Ra2 42. Kg3 Ra1 43. Kf3 Ra2 44. Ra8 h5 45. gxh5+ Kxh5 46. a5 Kg6 47. a6 Kg7 48. a7 Ra4 49. Ke2 Ra3 50. Kd2 Ra2+ 51. Kc3 Ra1 52. Kc4 Rc1+ 53. Kd5 Ra1 54. Ke6 Ra6+ 55. Kf5 Ra2 56. f3 Ra3 57. Ke6 Ra6+ 58. Ke7 Ra3 59. Ke8 Ra1 60. e4 Ra3 61. Kd7 Ra1 62. Ke6 Ra6+ 63. Kf5 Ra1 64. Rb8 Rxa7 65. Rb6 Ra3 66. Rb7+ Kf8 67. Kxf6 Rxf3+ 68. Ke6 Ra3 69. Rb8+ Kg7 70. Kxe5 Ra6 71. Rd8 Kf7 72. Rd7+ Ke8 73. Rd6 Ra4 74. Kf5 Ra1 75. Ke6 Rh1 76. e5 Rh6+ 77. Kd5 Rh1 78. Ra6 Ke7 79. Ra7+ Ke8 80. Kd6 Rb1 81. Ra8+ Kf7 82. e6+ Kg7 83. e7 Rd1+ 84. Kc5 Rc1+ 85. Kb4 Rb1+ 86. Kc3 Rc1+ 87. Kd2 1-0

[Event "Titled Tuesday intern op 13th Feb Late"]
[Site "Chess.com INT"]
[Date "2024.02.13"]
[Round "4"]
[White "Maximov, Dmitry"]
[Black "Martinez Pla, Xavier"]
[Result "1-0"]
[WhiteElo "2489"]
[BlackElo "2247"]
[PlyCount "69"]
[EventDate "2024.02.13"]
[EventType "swiss (blitz)"]
[EventRounds "11"]
[EventCountry "USA"]
[SourceTitle "CB08_2024"]
[SourceDate "2024.02.21"]
[SourceVersion "1"]
[SourceVersionDate "2024.02.21"]
[SourceQuality "1"]

1. e4 c5 2. Nf3 e6 3. c3 Nf6 4. Bd3 d5 5. e5 Nfd7 6. Bc2 c4 7. d4 cxd3 8. Bxd3 Nc6 9. Bf4 Be7 10. h4 h6 11. Nbd2 Qc7 12. Qe2 b6 13. b4 a5 14. b5 Ncb8 15. c4 Bb7 16. 0-0 Nc5 17. Bc2 Nbd7 18. Rac1 Rd8 19. Rfe1 Qb8 20. Bb1 Qa8 21. h5 dxc4 22. Rxc4 Bd5 23. Rd4 Nb8 24. Qe3 Nbd7 25. Bg3 Kf8 26. Rg4 a4 27. Bh4 Bxh4 28. Nxh4 Ke7 29. Rxg7 Rdg8 30. Ng6+ Ke8 31. Qxh6 fxg6 32. Qxg6+ Kd8 33. Rxg8+ Rxg8 34. Qxg8+ Ke7 35. Qg5+ 1-0

[Event "Titled Tuesday intern op 13th Feb Late"]
[Site "Chess.com INT"]
[Date "2024.02.13"]
[Round "5"]
[White "Paravyan, David"]
[Black "Maximov, Dmitry"]
[Result "1-0"]
[WhiteElo "2612"]
[BlackElo "2489"]
[PlyCount "61"]
[EventDate "2024.02.13"]
[EventType "swiss (blitz)"]
[EventRounds "11"]
[EventCountry "USA"]
[SourceTitle "CB08_2024"]
[SourceDate "2024.02.21"]
[SourceVersion "1"]
[SourceVersionDate "2024.02.21"]
[SourceQuality "1"]

1. e4 c5 2. Nf3 d6 3. d4 cxd4 4. Nxd4 Nf6 5. Nc3 a6 6. Be2 e5 7. Nb3 Be7 8. 0-0 0-0 9. Qd3 b6 10. a4 Nbd7 11. Be3 Bb7 12. Nd2 Qc7 13. Nc4 Nxe4 14. Nxe4 d5 15. Rfd1 Rfd8 16. Ng5 Bxg5 17. Bxg5 f6 18. Be3 dxc4 19. Qxc4+ Qxc4 20. Bxc4+ Kf8 21. Rd6 Rac8 22. Be6 Ke7 23. Rad1 Rc7 24. Bxb6 Nxb6 25. Rxd8 Rxc2 26. Bf5 Rxb2 27. a5 Nd5 28. Rd7+ Ke8 29. Rxb7 Rxb7 30. Rxd5 g6 31. Bd3 1-0

[Event "UKR-ch 91st"]
[Site "Poltava"]
[Date "2023.12.09"]
[Round "1"]
[White "Maximov, Dmitry"]
[Black "Tsushko, Volodymyr"]
[Result "1-0"]
[WhiteElo "2491"]
[BlackElo "1823"]
[PlyCount "51"]
[EventDate "2023.12.09"]
[EventType "swiss"]
[EventRounds "9"]
[EventCountry "UKR"]
[SourceTitle "CB51_2023"]
[SourceDate "2023.12.20"]
[SourceVersion "1"]
[SourceVersionDate "2023.12.20"]
[SourceQuality "1"]

1. e4 e5 2. Nf3 Nc6 3. Bb5 a6 4. Ba4 d6 5. c3 Nf6 6. d3 Be7 7. Nbd2 0-0 8. 0-0 Bd7 9. Re1 Re8 10. Nf1 Bf8 11. Bg5 h6 12. Bh4 Be7 13. Ne3 g6 14. Bb3 Nh5 15. Bxe7 Nxe7 16. d4 Nc6 17. dxe5 dxe5 18. Nd5 Na5 19. Bc2 c6 20. Ne3 b5 21. Qd2 Qe7 22. Nxe5 Rad8 23. Nxd7 Rxd7 24. Qe2 Nf4 25. Qf3 Qg5 26. h4 1-0

[Event "Titled Tuesday intern op 11th Jul Early"]
[Site "Chess.com INT"]
[Date "2023.07.11"]
[Round "8"]
[White "Erigaisi, Arjun Kumar"]
[Black "Maximov, Dmitry"]
[Result "1-0"]
[WhiteElo "2710"]
[BlackElo "2497"]
[PlyCount "59"]
[EventDate "2023.07.11"]
[EventType "swiss (blitz)"]
[EventRounds "11"]
[EventCountry "USA"]
[SourceTitle "EXT 2024"]
[Source "ChessBase"]
[SourceDate "2023.10.10"]
[SourceVersion "1"]
[SourceVersionDate "2023.10.10"]
[SourceQuality "1"]

1. c4 Nf6 2. Nc3 g6 3. e4 d6 4. d4 Bg7 5. Nf3 0-0 6. h3 e5 7. d5 a5 8. Be3 Na6 9. g4 Nd7 10. h4 Ndc5 11. Bh3 c6 12. h5 cxd5 13. cxd5 Bd7 14. a4 Rc8 15. Kf1 Nb4 16. Ne1 gxh5 17. g5 f5 18. Qxh5 Be8 19. Qh4 Bg6 20. exf5 Rxf5 21. Bxf5 Bxf5 22. Bxc5 Rxc5 23. Ne4 Rxd5 24. Nf6+ Bxf6 25. gxf6 Qe8 26. Ra3 Bg6 27. Rg3 Kh8 28. Qh6 Qf7 29. Rxg6 Qxg6 30. Qxg6 1-0

[Event "Titled Tuesday intern op 11th Jul Early"]
[Site "Chess.com INT"]
[Date "2023.07.11"]
[Round "5"]
[White "He, Anthony B"]
[Black "Maximov, Dmitry"]
[Result "1-0"]
[WhiteElo "2501"]
[BlackElo "2497"]
[PlyCount "127"]
[EventDate "2023.07.11"]
[EventType "swiss (blitz)"]
[EventRounds "11"]
[EventCountry "USA"]
[SourceTitle "EXT 2024"]
[Source "ChessBase"]
[SourceDate "2023.10.10"]
[SourceVersion "1"]
[SourceVersionDate "2023.10.10"]
[SourceQuality "1"]

1. e4 c5 2. Nf3 d6 3. d4 cxd4 4. Nxd4 Nf6 5. Nc3 a6 6. h3 g6 7. g4 Bg7 8. g5 Nfd7 9. h4 Nc6 10. Be3 0-0 11. h5 Re8 12. hxg6 hxg6 13. Qd2 Nf8 14. 0-0-0 Bd7 15. f3 Rc8 16. Qh2 Nxd4 17. Bxd4 e5 18. Be3 Rxc3 19. bxc3 Qc7 20. Qd2 Be6 21. Kb2 Rc8 22. Bh3 Qc4 23. Bxe6 Nxe6 24. Qd3 Qc6 25. c4 b5 26. cxb5 axb5 27. c3 Qc7 28. Rh2 d5 29. Rc2 dxe4 30. Qxe4 Qe7 31. Rd5 Rb8 32. Rxe5 b4 33. Ra5 bxc3+ 34. Ka1 Qd7 35. Qd5 Qc7 36. Ra8 Rxa8 37. Qxa8+ Bf8 38. Qe4 Qg3 39. Bc1 Bg7 40. a4 Nxg5 41. Bxg5 Qxg5 42. Ka2 Qc5 43. Kb3 Qb6+ 44. Qb4 Qe6+ 45. Qc4 Qb6+ 46. Ka2 Qe3 47. Qc8+ Bf8 48. Qxc3 Qe6+ 49. Qb3 Qf5 50. Qc3 Bg7 51. Qc8+ Qxc8 52. Rxc8+ Kh7 53. a5 Bd4 54. a6 g5 55. Rc7 Kg6 56. a7 Bxa7 57. Rxa7 f5 58. Kb3 g4 59. fxg4 fxg4 60. Ra5 g3 61. Kc4 g2 62. Ra1 Kf5 63. Rg1 Kf4 64. Rxg2 1-0

[Event "Titled Tuesday intern op 11th Jul Early"]
[Site "Chess.com INT"]
[Date "2023.07.11"]
[Round "2"]
[White "Maximov, Dmitry"]
[Black "Demin, Vladimir"]
[Result "1-0"]
[WhiteElo "2497"]
[BlackElo "2430"]
[PlyCount "55"]
[EventDate "2023.07.11"]
[EventType "swiss (blitz)"]
[EventRounds "11"]
[EventCountry "USA"]
[SourceTitle "EXT 2024"]
[Source "ChessBase"]
[SourceDate "2023.10.10"]
[SourceVersion "1"]
[SourceVersionDate "2023.10.10"]
[SourceQuality "1"]

1. e4 e5 2. Nf3 Nc6 3. Bb5 a6 4. Ba4 Bc5 5. 0-0 Nge7 6. c3 Ba7 7. d4 Ng6 8. d5 Nce7 9. h4 b5 10. Bc2 d6 11. h5 Bg4 12. hxg6 hxg6 13. Qd3 Nf5 14. exf5 gxf5 15. Nbd2 Kf8 16. Re1 Qf6 17. a4 Qh6 18. Kf1 Qh1+ 19. Ng1 f4 20. Ndf3 f5 21. Bxf4 e4 22. Rxe4 fxe4 23. Qxe4 Re8 24. Bxd6+ cxd6 25. Qxg4 Qh6 26. axb5 Bc5 27. bxa6 Qf6 28. a7 1-0

[Event "Titled Tuesday intern op 11th Jul Early"]
[Site "Chess.com INT"]
[Date "2023.07.11"]
[Round "9"]
[White "Maximov, Dmitry"]
[Black "Villa Tornero, Alex"]
[Result "1-0"]
[WhiteElo "2497"]
[BlackElo "2103"]
[PlyCount "117"]
[EventDate "2023.07.11"]
[EventType "swiss (blitz)"]
[EventRounds "11"]
[EventCountry "USA"]
[SourceTitle "EXT 2024"]
[Source "ChessBase"]
[SourceDate "2023.10.10"]
[SourceVersion "1"]
[SourceVersionDate "2023.10.10"]
[SourceQuality "1"]

1. e4 c5 2. Nf3 e6 3. c3 Nf6 4. Bd3 d5 5. e5 Nfd7 6. Bc2 d4 7. 0-0 Nc6 8. Qe2 Be7 9. Re1 Qc7 10. Na3 a6 11. d3 b6 12. Bf4 Bb7 13. cxd4 Nxd4 14. Nxd4 cxd4 15. Rac1 Qc6 16. f3 g5 17. Bg3 g4 18. fxg4 Bg5 19. Nc4 Bxc1 20. Nd6+ Qxd6 21. exd6 Be3+ 22. Bf2 Bf4 23. Bxd4 Rg8 24. Bb3 0-0-0 25. h3 Bxd6 26. Qf2 h5 27. Bxb6 hxg4 28. h4 Nxb6 29. Qxb6 Kb8 30. Rc1 Be5 31. Kf1 Rg6 32. Bc4 Rf6+ 33. Ke1 Bg3+ 34. Kd1 Rd6 35. Qb4 Rf2 36. h5 Ka8 37. h6 Bxg2 38. Bd5+ Rxd5 39. Rc8+ Ka7 40. Qe7+ Kb6 41. Qb4+ Ka7 42. Qc4 Bf3+ 43. Kc1 Bf4+ 44. Qxf4 Rf1+ 45. Kd2 Rxd3+ 46. Kxd3 Be2+ 47. Ke3 Rxf4 48. Kxf4 e5+ 49. Ke3 g3 50. Kxe2 g2 51. Rg8 f5 52. Rxg2 f4 53. h7 f3+ 54. Kxf3 e4+ 55. Kxe4 Kb6 56. h8Q Ka5 57. Qe5+ Ka4 58. Qc3 a5 59. Qc4# 1-0

[Event "Titled Tuesday intern op 27th Jun Early"]
[Site "Chess.com INT"]
[Date "2023.06.27"]
[Round "7"]
[White "Martinez Alcantara, Jose Eduardo"]
[Black "Maximov, Dmitry"]
[Result "1/2-1/2"]
[WhiteElo "2619"]
[BlackElo "2497"]
[PlyCount "34"]
[EventDate "2023.06.27"]
[EventType "swiss (blitz)"]
[EventRounds "11"]
[EventCountry "USA"]
[SourceTitle "EXT 2024"]
[Source "ChessBase"]
[SourceDate "2023.10.10"]
[SourceVersion "1"]
[SourceVersionDate "2023.10.10"]
[SourceQuality "1"]

1. e4 c5 2. Nf3 d6 3. c3 Nf6 4. h3 Nbd7 5. Bd3 g6 6. Bc2 Bg7 7. d4 0-0 8. 0-0 e5 9. dxe5 Nxe5 10. Nxe5 dxe5 11. Qe2 Be6 12. Be3 Qc7 13. Nd2 c4 14. Nf3 h6 15. Rfd1 Kh7 16. Rd2 Rfd8 17. Rad1 Rxd2 1/2-1/2

[Event "Titled Tuesday intern op 27th Jun Early"]
[Site "Chess.com INT"]
[Date "2023.06.27"]
[Round "4"]
[White "Maximov, Dmitry"]
[Black "Martin Fuentes, Alberto"]
[Result "1-0"]
[WhiteElo "2497"]
[BlackElo "2388"]
[PlyCount "97"]
[EventDate "2023.06.27"]
[EventType "swiss (blitz)"]
[EventRounds "11"]
[EventCountry "USA"]
[SourceTitle "EXT 2024"]
[Source "ChessBase"]
[SourceDate "2023.10.10"]
[SourceVersion "1"]
[SourceVersionDate "2023.10.10"]
[SourceQuality "1"]

1. e4 e6 2. d4 d5 3. e5 c5 4. c3 Nc6 5. Nf3 Qb6 6. a3 f6 7. Bd3 fxe5 8. Nxe5 Nxe5 9. dxe5 Ne7 10. 0-0 c4 11. Bc2 g6 12. Nd2 Bg7 13. Nf3 0-0 14. Qe2 Bd7 15. Bg5 Rf7 16. Rab1 Raf8 17. Nd4 Nc6 18. Nxc6 bxc6 19. Be3 Qc7 20. f4 Rb8 21. Bc5 Bf8 22. Qe3 Bxc5 23. Qxc5 Qb6 24. Qxb6 Rxb6 25. g4 Rf8 26. Rf2 Rfb8 27. Bd1 c5 28. Bf3 d4 29. Rd2 d3 30. Kf2 Rb3 31. Ke3 Rxc3 32. Bd1 Rxa3 33. Rc1 c3 34. bxa3 cxd2 35. Rxc5 Rb1 36. Kxd2 Bb5 37. a4 Ba6 38. Rc6 Bb7 39. Rxe6 Be4 40. Rd6 Kf7 41. a5 Ra1 42. a6 Ke7 43. h4 h6 44. h5 gxh5 45. gxh5 Bf5 46. Rxh6 Ra2+ 47. Kc3 Ra3+ 48. Kd4 Ra4+ 49. Bxa4 1-0

[Event "Titled Tuesday intern op 20th Jun Late"]
[Site "Chess.com INT"]
[Date "2023.06.20"]
[Round "7"]
[White "Maximov, Dmitry"]
[Black "Manukyan, Sargis A"]
[Result "1/2-1/2"]
[WhiteElo "2497"]
[BlackElo "2158"]
[PlyCount "213"]
[EventDate "2023.06.20"]
[EventType "swiss (blitz)"]
[EventRounds "11"]
[EventCountry "USA"]
[SourceTitle "EXT 2024"]
[Source "ChessBase"]
[SourceDate "2023.10.10"]
[SourceVersion "1"]
[SourceVersionDate "2023.10.10"]
[SourceQuality "1"]

1. e4 c5 2. Nf3 d6 3. c3 Nf6 4. Bc4 Bg4 5. Qb3 e6 6. Qxb7 Nbd7 7. Be2 Rb8 8. Qxa7 Nxe4 9. d3 Nef6 10. Qa4 d5 11. h3 Bh5 12. 0-0 Bd6 13. Qd1 0-0 14. Re1 Qc7 15. Nbd2 h6 16. Nf1 Rfe8 17. Nh4 Bxe2 18. Qxe2 Ne5 19. Nf3 Ng6 20. b3 e5 21. c4 e4 22. dxe4 dxe4 23. N3h2 Be5 24. Rb1 Bd4 25. Be3 Nf4 26. Bxf4 Qxf4 27. Ne3 Ra8 28. Rbd1 Nh7 29. g3 Qg5 30. h4 Qe5 31. Nhg4 Qe6 32. Nd5 h5 33. Nge3 Qe5 34. Rd2 g6 35. Red1 Nf8 36. Kg2 Ne6 37. Nb6 Ra7 38. a4 f5 39. Ned5 Kh7 40. Re1 Rf7 41. a5 g5 42. hxg5 Kg6 43. Rh1 Rh8 44. a6 f4 45. Nxf4+ Rxf4 46. a7 Rxf2+ 47. Qxf2 Bxf2 48. Rxf2 e3 49. Rf6+ Kxg5 50. Nd5 Qe4+ 51. Kh2 h4 52. g4 h3 53. Rg1 Qe5+ 54. Kh1 Qxf6 55. Nxf6 Kxf6 56. Re1 Nf4 57. Rxe3 Ra8 58. Re4 Kg5 59. Re7 Kxg4 60. Kh2 Kf3 61. Rf7 Rd8 62. Rd7 Re8 63. Re7 Ra8 64. Rg7 Rc8 65. Rg3+ Kf2 66. Rg7 Re8 67. Rb7 Kf3 68. Rb8 Re2+ 69. Kg1 h2+ 70. Kh1 Re1+ 71. Kxh2 Re2+ 72. Kh1 Re1+ 73. Kh2 Re2+ 74. Kh1 Kg3 75. Rg8+ Kf2 76. a8Q Re1+ 77. Kh2 Re2 78. Rg2+ Nxg2 79. Qxg2+ Ke3 80. Kg3 Rxg2+ 81. Kxg2 Kd3 82. Kf3 Kc3 83. Ke4 Kxb3 84. Kd3 Kb4 85. Kd2 Kb3 86. Kd3 Kb4 87. Kd2 Kxc4 88. Kc2 Kb4 89. Kb2 Kc4 90. Kc2 Kd4 91. Kd2 Kd5 92. Kd3 c4+ 93. Kc3 Kc5 94. Kc2 Kd4 95. Kd2 c3+ 96. Kc2 Kc4 97. Kc1 Kb4 98. Kc2 Kc4 99. Kc1 Kb5 100. Kc2 Kb4 101. Kc1 Kb3 102. Kb1 Ka3 103. Kc2 Kb4 104. Kc1 Kb3 105. Kb1 c2+ 106. Kc1 Ka2 107. Kxc2 1/2-1/2

[Event "Titled Tuesday intern op 06th Jun Early"]
[Site "Chess.com INT"]
[Date "2023.06.06"]
[Round "3"]
[White "Naroditsky, Daniel"]
[Black "Maximov, Dmitry"]
[Result "1-0"]
[WhiteElo "2618"]
[BlackElo "2497"]
[PlyCount "109"]
[EventDate "2023.06.06"]
[EventType "swiss (blitz)"]
[EventRounds "11"]
[EventCountry "USA"]
[SourceTitle "EXT 2024"]
[Source "ChessBase"]
[SourceDate "2023.10.10"]
[SourceVersion "1"]
[SourceVersionDate "2023.10.10"]
[SourceQuality "1"]

1. e4 c5 2. Nf3 d6 3. Bb5+ Nd7 4. 0-0 a6 5. Bd3 g6 6. c3 Bg7 7. Bc2 Ngf6 8. d4 e5 9. dxe5 dxe5 10. a4 0-0 11. Nbd2 b6 12. Nc4 Bb7 13. Qe2 Qc7 14. Rd1 Rad8 15. Bg5 h6 16. Bh4 g5 17. Bg3 Nh5 18. Nd6 Nf4 19. Qe3 Bc6 20. Nf5 Nf6 21. h4 Ng4 22. Qe1 Ne6 23. hxg5 hxg5 24. Bb3 Rfe8 25. Bd5 Bxd5 26. exd5 Nf4 27. d6 Qb7 28. Ne7+ Kf8 29. Bxf4 gxf4 30. Ng5 Rxd6 31. Rxd6 Qxe7 32. Ne4 Qh4 33. Kf1 Qh1+ 34. Ke2 Qxg2 35. Qh1 f3+ 36. Kd2 f5 37. Qxg2 fxg2 38. Ng3 f4 39. Ne4 Ke7 40. Rg6 Rd8+ 41. Ke2 f3+ 42. Kxf3 Rf8+ 43. Kxg4 Rf4+ 44. Kg3 Rxe4 45. Rxg7+ Kf6 46. Rg4 Re2 47. b4 Rc2 48. Kxg2 Rxc3 49. bxc5 bxc5 50. Rb1 Kf5 51. Rg8 Ra3 52. Rf8+ Ke4 53. Re1+ Kd4 54. Rd8+ Kc4 55. Re4+ 1-0

[Event "Titled Tuesday intern op 28th Feb Early"]
[Site "Chess.com INT"]
[Date "2023.02.28"]
[Round "5"]
[White "Garakov, Mikhael"]
[Black "Maximov, Dmitry"]
[Result "1-0"]
[WhiteElo "2447"]
[BlackElo "2497"]
[PlyCount "121"]
[EventDate "2023.02.28"]
[EventType "swiss (blitz)"]
[EventRounds "11"]
[EventCountry "USA"]
[SourceTitle "CBM 213 Extra"]
[Source "ChessBase"]
[SourceDate "2023.05.31"]
[SourceVersion "1"]
[SourceVersionDate "2023.05.31"]
[SourceQuality "1"]

1. e4 c5 2. Nf3 d6 3. d4 cxd4 4. Nxd4 Nf6 5. Nc3 a6 6. f4 e6 7. Qf3 Be7 8. Be3 Qc7 9. g4 b5 10. g5 Nfd7 11. Bd3 b4 12. Nce2 Bb7 13. f5 e5 14. Ne6 fxe6 15. fxe6 Rf8 16. Qh5+ g6 17. Qxh7 Nc5 18. Qxg6+ Kd8 19. h4 Qa5 20. Bxc5 Qxc5 21. 0-0-0 Nc6 22. Kb1 Kc7 23. h5 Rg8 24. Qf7 Raf8 25. g6 Kb6 26. h6 Rxf7 27. exf7 Rxg6 28. h7 Rf6 29. h8Q Rxf7 30. Qe8 Rf8 31. Qg6 a5 32. Rh7 a4 33. Nc1 a3 34. Nb3 Qe3 35. Qe6 Qf3 36. Rc1 axb2 37. Kxb2 Rf6 38. Qc4 Qe3 39. Qb5+ Ka7 40. Na5 Qd4+ 41. Kb1 Qc3 42. Nxc6+ Qxc6 43. Qxc6 Bxc6 44. Rxe7+ Kb6 45. Kb2 Kc5 46. Kb3 Rf2 47. Rc7 Kb6 48. Rxc6+ Kxc6 49. Kxb4 Rf8 50. a4 Rb8+ 51. Bb5+ Kc7 52. c4 Rg8 53. c5 Rg4 54. Rc4 Rg1 55. cxd6+ Kxd6 56. Ka5 Rb1 57. Kb6 Rd1 58. a5 Rd4 59. Rxd4+ exd4 60. a6 Ke5 61. a7 1-0

[Event "Titled Tuesday intern op 28th Feb Early"]
[Site "Chess.com INT"]
[Date "2023.02.28"]
[Round "11"]
[White "Ljukin, Sergei"]
[Black "Maximov, Dmitry"]
[Result "0-1"]
[WhiteElo "2362"]
[BlackElo "2497"]
[PlyCount "84"]
[EventDate "2023.02.28"]
[EventType "swiss (blitz)"]
[EventRounds "11"]
[EventCountry "USA"]
[SourceTitle "CBM 213 Extra"]
[Source "ChessBase"]
[SourceDate "2023.05.31"]
[SourceVersion "1"]
[SourceVersionDate "2023.05.31"]
[SourceQuality "1"]

1. e4 c5 2. Nf3 d6 3. d4 cxd4 4. Nxd4 Nf6 5. Nc3 a6 6. Bg5 Nbd7 7. f4 Qc7 8. Qf3 h6 9. Bxf6 Nxf6 10. f5 Bd7 11. 0-0-0 h5 12. g3 Rc8 13. Bd3 Qb6 14. Nb3 Rxc3 15. bxc3 a5 16. Nd4 g6 17. Kd2 Bh6+ 18. Ke2 Ng4 19. h3 Ne5 20. Qf2 Qc5 21. Nf3 Qxc3 22. Qd4 Qc7 23. Rb1 0-0 24. Qb6 Qxb6 25. Rxb6 Nxf3 26. Kxf3 Bc6 27. Ke2 gxf5 28. Rf1 fxe4 29. Bb5 Bd5 30. c4 Be6 31. Rxb7 Bxh3 32. Rb1 Bg4+ 33. Ke1 Bg5 34. Bc6 e3 35. Be4 Kg7 36. Bd3 Rc8 37. R1b5 e5 38. Rxa5 h4 39. gxh4 Bxh4+ 40. Kf1 Bf2 41. Raa7 Be6 42. Be2 Bh3# 0-1

[Event "Titled Tuesday intern op 28th Feb Early"]
[Site "Chess.com INT"]
[Date "2023.02.28"]
[Round "10"]
[White "Maximov, Dmitry"]
[Black "Diaz Perez, Michel Alejandro"]
[Result "0-1"]
[WhiteElo "2497"]
[BlackElo "2414"]
[PlyCount "116"]
[EventDate "2023.02.28"]
[EventType "swiss (blitz)"]
[EventRounds "11"]
[EventCountry "USA"]
[SourceTitle "CBM 213 Extra"]
[Source "ChessBase"]
[SourceDate "2023.05.31"]
[SourceVersion "1"]
[SourceVersionDate "2023.05.31"]
[SourceQuality "1"]

1. e4 c6 2. Nf3 d5 3. Nc3 Bg4 4. h3 Bxf3 5. Qxf3 e6 6. d3 Nd7 7. Bd2 Bc5 8. Qg3 Bd4 9. Nd1 Ne7 10. c3 Bf6 11. h4 h5 12. f4 dxe4 13. dxe4 Ng6 14. Qf2 Bxh4 15. g3 Be7 16. Be3 Qa5 17. b4 Bxb4 18. cxb4 Qxb4+ 19. Qd2 Qxe4 20. Bg2 Qa4 21. Nc3 Qa5 22. Ne4 Qxd2+ 23. Kxd2 Ke7 24. Rab1 b6 25. Rbe1 Rad8 26. Kc2 Nf6 27. Nxf6 gxf6 28. Bd2 f5 29. Bc3 Rhg8 30. Bxc6 Rc8 31. Bf3 h4 32. gxh4 Nxf4 33. Rhg1 Rh8 34. h5 Nxh5 35. Kb3 Nf6 36. Bb4+ Ke8 37. Re3 Nd7 38. Rd1 Nc5+ 39. Ka3 Ke7 40. Red3 Rhd8 41. Rxd8 Rxd8 42. Rxd8 Kxd8 43. Bxc5 bxc5 44. Kb3 e5 45. Kc4 e4 46. Bg2 Ke7 47. Kxc5 Kf6 48. Kc6 Ke5 49. a4 f4 50. Kb7 f3 51. Bh3 e3 52. Kxa7 e2 53. a5 e1Q 54. a6 f2 55. Kb7 f1Q 56. Bxf1 Qxf1 57. a7 Qf3+ 58. Kb8 Qc6 0-1

[Event "Titled Tuesday intern op 28th Feb Late"]
[Site "Chess.com INT"]
[Date "2023.02.28"]
[Round "8"]
[White "Maximov, Dmitry"]
[Black "Janaszak, Dawid"]
[Result "1-0"]
[WhiteElo "2497"]
[BlackElo "2322"]
[PlyCount "73"]
[EventDate "2023.02.28"]
[EventType "swiss (blitz)"]
[EventRounds "11"]
[EventCountry "USA"]
[SourceTitle "CBM 213 Extra"]
[Source "ChessBase"]
[SourceDate "2023.05.31"]
[SourceVersion "1"]
[SourceVersionDate "2023.05.31"]
[SourceQuality "1"]

1. e4 c5 2. Nf3 Nc6 3. Bb5 e5 4. 0-0 Nge7 5. Re1 g6 6. c3 Bg7 7. d4 cxd4 8. cxd4 exd4 9. Bg5 h6 10. Bh4 0-0 11. Nbd2 g5 12. Bg3 d5 13. exd5 Nxd5 14. Nc4 Bg4 15. h3 Bh5 16. Bxc6 bxc6 17. Be5 c5 18. Rc1 Re8 19. g4 Bg6 20. Qb3 Bxe5 21. Ncxe5 Rb8 22. Qa4 Nb6 23. Qxa7 Ra8 24. Qb7 Rb8 25. Qc6 Rc8 26. Qb5 Qf6 27. Rxc5 Rxc5 28. Qxe8+ Kg7 29. Nxg6 Qxg6 30. Nxd4 Nc4 31. Nf5+ Rxf5 32. gxf5 Qxf5 33. Qe4 Qb5 34. b3 Nb6 35. Qd4+ f6 36. Re7+ Kf8 37. Qd8+ 1-0

[Event "Titled Tuesday intern op 28th Feb Late"]
[Site "Chess.com INT"]
[Date "2023.02.28"]
[Round "10"]
[White "Maximov, Dmitry"]
[Black "Mendez Fortes, Eduardo Jesus"]
[Result "0-1"]
[WhiteElo "2497"]
[BlackElo "2250"]
[PlyCount "188"]
[EventDate "2023.02.28"]
[EventType "swiss (blitz)"]
[EventRounds "11"]
[EventCountry "USA"]
[SourceTitle "CBM 213 Extra"]
[Source "ChessBase"]
[SourceDate "2023.05.31"]
[SourceVersion "1"]
[SourceVersionDate "2023.05.31"]
[SourceQuality "1"]

1. e4 e5 2. Nf3 Nc6 3. Bb5 Nf6 4. 0-0 Nxe4 5. d4 Nd6 6. a4 a6 7. dxe5 axb5 8. exd6 Bxd6 9. Re1+ Be7 10. Nc3 bxa4 11. Nd5 0-0 12. Nxe7+ Nxe7 13. Bg5 f6 14. Bf4 d5 15. c4 Ng6 16. Bg3 dxc4 17. Qc2 Qd3 18. Qc1 Bf5 19. Ra3 Qc2 20. Qa1 Rfe8 21. Rc1 Qe2 22. Rxa4 Rxa4 23. Qxa4 c6 24. Qxc4+ Qxc4 25. Rxc4 Re2 26. Rb4 b5 27. h3 Be6 28. Nd4 Re1+ 29. Kh2 c5 30. Nf3 cxb4 31. Nxe1 Ne7 32. Bd6 Nc6 33. Nd3 b3 34. Kg3 Bc4 35. Nc5 Nd4 36. Kf4 Kf7 37. g4 h5 38. gxh5 Ne2+ 39. Ke3 Nc3 40. Kd2 Nd5 41. h4 Kg8 42. Bg3 Kh7 43. Ne6 Nb6 44. Nf4 Na4 45. Kc1 Nc5 46. Kd2 Ne4+ 47. Ke3 Nc3 48. Kd2 Na4 49. Kc1 Kh6 50. f3 Nc5 51. Bf2 Nd7 52. Be3 Kh7 53. Kd2 Ne5 54. Kc3 Nxf3 55. Bf2 Ne5 56. Kb4 Ng4 57. Be1 Ne3 58. Bd2 Nd1 59. Ka3 Kg8 60. Bc1 Nf2 61. Kb4 Ne4 62. Be3 Kh7 63. Bc1 Nd6 64. Be3 Nf5 65. Bf2 Kg8 66. Kc5 Kf7 67. Kb4 Ke7 68. Kc5 Kd7 69. Kb4 Nd6 70. Be3 Ne4 71. Ka5 Kd6 72. Kb4 Ke5 73. Ng6+ Kf5 74. Nf4 Kg4 75. Ka3 Kxh4 76. h6 gxh6 77. Ng6+ Kh5 78. Nf4+ Kg4 79. Ng6 h5 80. Bg1 h4 81. Ne7 h3 82. Nc6 f5 83. Nd4 f4 84. Kb4 f3 85. Ka3 f2 86. Bxf2 Nxf2 87. Nxb3 Bxb3 88. Kxb3 h2 89. Kb4 h1Q 90. Kxb5 Qd5+ 91. Kb6 Nd3 92. b3 Qc5+ 93. Ka6 Qb4 94. Ka7 Nc5 0-1

[Event "Titled Tuesday intern op 28th Feb Late"]
[Site "Chess.com INT"]
[Date "2023.02.28"]
[Round "1"]
[White "Saya, Ethan"]
[Black "Maximov, Dmitry"]
[Result "0-1"]
[WhiteElo "2150"]
[BlackElo "2497"]
[PlyCount "100"]
[EventDate "2023.02.28"]
[EventType "swiss (blitz)"]
[EventRounds "11"]
[EventCountry "USA"]
[SourceTitle "CBM 213 Extra"]
[Source "ChessBase"]
[SourceDate "2023.05.31"]
[SourceVersion "1"]
[SourceVersionDate "2023.05.31"]
[SourceQuality "1"]

1. d4 Nf6 2. c4 g6 3. Nc3 Bg7 4. e4 0-0 5. Nf3 d6 6. Be2 e5 7. dxe5 dxe5 8. Qxd8 Rxd8 9. Bg5 Re8 10. Nd5 Nxd5 11. cxd5 c6 12. Bc4 cxd5 13. Bxd5 Nd7 14. 0-0 h6 15. Be3 Nf6 16. Rac1 Nxd5 17. exd5 Bf8 18. Bc5 Bg4 19. Bxf8 Kxf8 20. Rc7 Re7 21. d6 Rxc7 22. dxc7 Bxf3 23. gxf3 Rc8 24. Rc1 Ke7 25. f4 exf4 26. Kg2 Kd6 27. Kf3 Rxc7 28. Rxc7 Kxc7 29. Kxf4 Kd6 30. h4 Kd5 31. h5 gxh5 32. Kg3 Ke4 33. Kh4 Kf3 34. Kxh5 Kxf2 35. Kxh6 Ke3 36. Kg5 Kd3 37. Kf6 Kc2 38. a4 Kxb2 39. Kxf7 Kb3 40. a5 Kb4 41. Ke6 Kxa5 42. Kd5 Kb4 43. Kd4 a5 44. Kd3 Kb3 45. Kd2 Kb2 46. Kd3 a4 47. Kc4 a3 48. Kb5 a2 49. Kb6 a1Q 50. Kxb7 Qa5 0-1